| 000 | 00620cam a22001815a 4500 | ||
|---|---|---|---|
| 001 | L156593 | ||
| 008 | 120611s1934 xxk f 000 0 eng d | ||
| 035 | _a(Sirsi) u156593 | ||
| 041 | 0 | _aeng | |
| 110 | 2 |
_aNational Association of Auctioneers _95474 |
|
| 245 | 0 | 0 |
_aAnnual conference of the National Association of Auctioneers _bat Blackpool, June 14th, 15th and 16th, 1934 |
| 260 |
_a[London] _b[NAA] _c1934 |
||
| 300 |
_a2 p. _c21 cm. |
||
| 520 | _aSets out the programme for the 1934 annual conference and provides a booking form. | ||
| 651 | 4 |
_aGreat Britain _y1707- |
|
| 690 |
_aAuctioneering _96218 |
||
| 942 | _n0 | ||
| 999 |
_c114307 _d114307 |
||